000 00709nam a22002297a 4500
001 00260
003 DO-SdBNP
005 20180126135717.0
008 151217b 1992 sp xxu||||| |||| 00| 0 spa d
040 _aBPMSU
_bspa
_cBPMSU
092 _axxxxx
_bxxxxx
100 1 _aKnight, Juan F.
240 1 0 _aSo you're a teenager.
_lEspañol.
245 1 0 _aLa joven moderna y el sexo /
_cJuan F. Knight ; traducción Sergio V. Collins.
250 _a2a ed.
260 _aBelice :
_bAsociación Publicadora Interamericana,
_c1992.
300 _a187 p. :
_bil., retrs. ;
_c25 cm.
700 1 2 _aCollins, Sergio V.
_etr.
942 _2ddc
_cBK
945 _aInventariado, 2018 / BT
956 _aLorenza Pérez
_b10
999 _c9136
_d9136